| 000 | 00708nmm a2200253 a 4500 | ||
|---|---|---|---|
| 003 | AR-BaBNM | ||
| 005 | 20251128202903.0 | ||
| 008 | 157119s1923 ||||||||||||||000 | spa|| | ||
| 040 | _cAR-BaBNM | ||
| 100 | 1 | _aCánepa, Alejandro Rómulo | |
| 245 | 1 | 0 | _aLa justicia del Virrey |
| 260 |
_aBuenos Aires _bBayardo _c1923 |
||
| 300 |
_a219 p. _bil. |
||
| 650 | 4 | _aLITERATURA ARGENTINA | |
| 650 | 4 | _aHISTORIA ARGENTINA | |
| 650 | 4 | _aCOLONIZACION DEL RIO DE LA PLATA | |
| 650 | 4 | _aVIRREINATO DEL RIO DE LA PLATA | |
| 651 | 4 | _aBuenos Aires [Capital Federal] | |
| 653 | _aNOVELA HISTORICA | ||
| 655 | _aLITERATURA | ||
| 700 | 1 |
_aMéndez Calzada, Valentín _eprologuista |
|
| 942 | _cBK | ||
| 998 | _cMARTIN | ||
| 999 |
_c1053 _d1053 |
||